| 000 | 00928nam a2200229 i 4500 | ||
|---|---|---|---|
| 001 | 105432 | ||
| 003 | ES-MaACL | ||
| 007 | t| | ||
| 008 | 060711s1964 fr ||||1| fre d | ||
| 080 | _a947"1917/21"(093.2) | ||
| 245 | 0 | 4 |
_aLes Bolchéviks et la révolution d'octobre _b: procès verbaux du Comité central du Parti ouvrier social-démocrate russe (bolchévique), août 1917-février 1918 / _cIntroduction et notes de Giuseppe Boffa ; traduit du russe par Catherine Paris. |
| 260 |
_aParis : _bFrançois Maspero, _c1964. |
||
| 300 |
_a365 p. ; _c22 cm. |
||
| 490 | 1 |
_aBibliothèque socialiste ; _v4 |
|
| 500 | _aBiblioteca Juan Andrade. | ||
| 651 | 4 |
_aRusia- _xHistoria- _y1917-1921, Revolución- _vFuentes. _99338 |
|
| 700 | 1 |
_aBoffa, Giuseppe. _929770 |
|
| 700 | 1 |
_aParis, Catherine. _989134 |
|
| 830 | 0 |
_aBibliothèque socialiste ; _v4 _9185029 |
|
| 852 |
_aES-MaACL _jAND-227 _bR.109547 |
||
| 999 |
_c105432 _d105432 |
||